[Event "SaitekSparc_Risc2500sol"]
[Site "Zürich"]
[Date "2019.04.11"]
[Round "11"]
[White "Saitek Sparc"]
[Black "Saitek Risc 2500 solid"]
[Result "1/2-1/2"]
[WhiteElo "2254"]
[BlackElo "2247"]
[Annotator "KUT"]
[PlyCount "122"]
[EventDate "2019.01.01"]

1. d4 Nf6 {Vergleichsmatch 120'/40 der Spielstile des Saitek Risc 2500 gegen
den Saitek Sparc | 11. Partie: solid=Remis, normal=Niederlage,
aktiv=Niederlage, offensiv=Niederlage | Vergleich der Zwischenstände nach 11
Partien: Stil aktiv=6.5 Pkt (59%); Stil solid=5.5 Pkt (50%); Stil offensiv=5.0
Pkt (45%); Stil normal=4.0 Pkt (36%) | Gegen das Budapester-Gambit hat der
Saitek Sparc alle bisherigen Partien gegen den Risc 2500 gewonnen, einzig der
Stil solid vermag dem amerikanischen Programm mit viel Glück ein Remis
abzuzwacken. Denn die einzige und einmalige Chance von Weiss, den gegnerischen
Läufer für alle Zeit nach a8 zu verbannen, unterliess der Saitek Sparc. Das
schliesslich entstehende Endspiel mit ungleichfarbigen Läufern endete
erwartungsgemäss mit Remis. Eine gesamthaft gute Partie ohne echte
Höhepunkte.} 2. c4 e5 3. dxe5 Ng4 4. Bf4 Nc6 5. Nf3 Bb4+ 6. Nbd2 Qe7 7. e3
Ngxe5 8. Nxe5 Nxe5 9. Be2 O-O 10. O-O Bxd2 11. Qxd2 d6 12. Rfd1 b6 13. b4 Bb7 {
***ENDE BUCH***} 14. c5 dxc5 15. bxc5 {***ENDE BUCH***} Rfd8 (15... Ng6 16. Qd7
Qxd7 17. Rxd7 Nxf4 18. exf4 Rac8 19. cxb6 Bc6 20. Rxc7 axb6 21. Rxc8 Rxc8 22.
Rc1 Bb7 23. Rxc8+ Bxc8 24. Bc4 Bd7 25. f3 b5 26. Bd5 Kf8 27. g4 f5 28. h3 Ke7
29. Kf2 h6 30. Kg3 g6 31. a3 Kf6 32. Kf2 h5 33. g5+ Ke7 34. Ke3 Be8 35. Kd4 Kd6
36. h4 Kd7 37. Kc5 Kc7 38. Be6 Bc6 39. Bf7 Bxf3 40. Bxg6 Kd7 41. Bxf5+ Ke7 42.
Bd3 Kf8 43. Kxb5 Bd5 44. a4 Bf3 45. Kc5 Bb7 {1-0 (45) Saitek Sparc (2254)
-Saitek Risc 2500 aktiv (2247) Zürich 2019}) 16. Qc2 Rac8 (16... Ng6 17. Bg3
Rxd1+ (17... Be4 18. Qc4 bxc5 19. Rac1 Rxd1+ 20. Bxd1 Rd8 21. Bxc7 Rd2 22. Ba5
Bd5 23. Qb5 Qg5 24. g3 Rxd1+ 25. Rxd1 Qh5 26. Re1 Bf3 27. Rb1 Qh3 28. Qf1 Qf5
29. Rb8+ Nf8 30. Qb5 Qd5 31. Qb3 Qe5 32. Qb2 Qe7 33. Rc8 Qd7 34. Rd8 Qe7 35.
Qb8 Bc6 36. Bc7 h6 37. Bf4 Qe4 38. Rxf8+ Kh7 39. Rh8+ Kg6 40. f3 Qxf3 41. Qd6+
f6 42. Qd3+ Be4 43. Qf1 Qh1+ 44. Kf2 Qxh2+ 45. Ke1 Qxa2 46. Qe2 Qd5 47. Qg4+
Kf7 48. Rc8 Bf5 49. Qh5+ g6 50. Rc7+ Ke6 51. Qe2 Bd3 52. e4 Qxe4 53. Qxe4+ Bxe4
54. Bxh6 Kd5 55. Rxa7 c4 56. Bg7 f5 57. Ra5+ Kd6 58. Kd2 g5 59. Kc3 Bd3 60. Bf6
g4 61. Kd4 Kd7 62. Kd5 Kc7 63. Rc5+ Kb7 64. Kd6 f4 65. gxf4 Be2 66. Bd4 g3 67.
Rc7+ Ka6 {1-0 (67) Saitek Sparc (2254)-Saitek Risc 2500 offensiv (2247)
Zürich 2018}) 18. Rxd1 bxc5 19. Rc1 Rd8 20. Qxc5 Qxc5 21. Rxc5 Rd2 22. Bf1
Rxa2 23. Rxc7 Rb2 24. Bd3 a5 25. f3 Nf8 26. Bc4 Ne6 27. Bxe6 Rb1+ 28. Kf2 fxe6
29. Be5 g6 30. Rg7+ Kf8 31. Rxh7 Bc6 32. Bd6+ Kg8 33. Re7 Rb2+ 34. Kg3 Bd5 35.
Ra7 Rb5 36. Bc7 Rb3 37. Bf4 Rb5 38. Bd6 Bb3 39. e4 Rh5 40. e5 a4 41. Ra8+ Kg7
42. h3 Rh8 43. Ra7+ Kg8 44. f4 Rh5 45. Ra8+ Kh7 46. Be7 Kg7 47. Bf6+ Kf7 48.
Ra7+ Kf8 49. Kf2 Bc2 50. h4 Kg8 51. Rg7+ Kf8 52. Rc7 Bd1 53. Ke1 Bg4 54. Rc8+
Kf7 55. Ra8 Bf5 56. Rxa4 Ke8 57. Ra7 Kf8 58. Ke2 Kg8 59. Rg7+ Kf8 60. Rd7 Kg8
61. Rd8+ Kf7 62. Kf3 Rh7 63. Rd2 Ke8 64. g4 Bb1 65. Rd6 Kf7 66. Rd7+ Kg8 67.
Rd8+ Kf7 68. Rd6 Bc2 69. Rb6 Bd1+ 70. Kg3 Ba4 71. Rd6 Bc2 72. Rd7+ Kg8 73. Rd8+
Kf7 74. Rd4 Bb3 75. Rb4 Bd5 76. Rb8 Bc6 77. Kf2 Rh6 78. Rc8 Bd7 79. Rc7 Ke8 80.
Ra7 Rh7 81. f5 gxf5 82. gxf5 exf5 83. e6 Bxe6 {1-0 (83) Saitek Sparc (2254)
-Saitek Risc 2500 normal (2247) Zürich 2019}) 17. Rab1 Rxd1+ 18. Rxd1 Qe8 {
? Eine sträfliche Unachtsamkeit strategischer Art, die allerdings ohne Folgen
bleibt.} 19. Qf5 {? Eine sträfliche Unterlassung der einmaligen Möglichkeit,
den schwarzen Läufer mit 19.c6 für alle Zeit aus dem Spiel zu nehmen und
diese Figur zu einem grossen Bauer zu degradieren. Nach menschlichem Ermessen
müsste die Partie danch für Schwarz verlorengehen, zum Beispiel} (19. Bxe5
Qxe5 20. c6 Ba8 21. Bf3 g6 22. Rd4 Kg7 23. g3 Qf6 24. Kg2 Re8 25. Rd7 Qe5 26.
Qc4 Re6 27. Bd5 Re7 28. e4 Qf6 29. f4 {+- und Weiss gewinnt}) 19... Ng6 20. Bg3
Rd8 21. Rxd8 Qxd8 22. Qc2 Qd7 23. f3 Qc6 24. Qc3 bxc5 25. Qa5 Qb6 26. Bxc7 Qxa5
27. Bxa5 Bd5 28. a4 Ne5 29. e4 Bc4 30. Kf2 Nd3+ 31. Bxd3 Bxd3 {Materieller
Gleichstand, ungleichfarbige Läufer, schwarzer Freibauer: die Partie ist und
wird Remis enden.} 32. Bc7 c4 33. Be5 f6 34. Bc3 Kf7 35. Ke3 Ke6 36. h4 h5 37.
a5 a6 38. g4 g6 39. Be1 Ke7 40. g5 fxg5 41. hxg5 Bf1 42. Kf2 Bd3 43. Kg3 Ke6
44. Bc3 Be2 45. Kf4 h4 46. Bb2 Bf1 47. Kg4 h3 48. Kg3 Bg2 49. e5 Kf5 50. f4 Bb7
51. Bc1 c3 52. Kxh3 Bd5 53. Kg3 Ke4 54. Kf2 Be6 55. Kf1 c2 56. Ke2 Bf5 57. Bd2
Bg4+ 58. Kf2 Be6 59. Be3 Kf5 60. Kf3 Bd5+ 61. Ke2 Ke4 {Remis abgebrochen}
1/2-1/2

[Event "SaitekSparc_Risc2500sol"]
[Site "Zürich"]
[Date "2019.04.12"]
[Round "12"]
[White "Saitek Risc 2500 solid"]
[Black "Saitek Sparc"]
[Result "1-0"]
[WhiteElo "2247"]
[BlackElo "2254"]
[Annotator "KUT"]
[PlyCount "210"]
[EventDate "2019.01.01"]

1. d4 d5 {Vergleichsmatch 120'/40 der Spielstile des Saitek Risc 2500 gegen
den Saitek Sparc | 12. Partie: normal=verliert, aktiv=Remis, offensiv=gewinnt,
solid=gewinnt | Vergleich der Zwischenstände nach 12 Partien: Stil aktiv=7,0
Pkt (58%), Stil solid=6,5 Pkt (54%), Stil offensiv=6.0 Pkt (50%), Stil
normal=4.0 Pkt (33%) | Nach einer (zu) anspruchsvollen Eröffnung aus dem Buch
geraten beide Programme ins Schwimmen, um schliesslich wieder in einer
ausgeglichenen Stellung zu landen. Diese misshandelt der Saitek Sparc mit
Schwarz dann aber gründlich. Im Endspiel mit weissem Springer und Plusbauer
gegen den schwarzen Läufer macht es der Risc 2500 solid aber noch spannend
und gewährt dem Gegner verschiedentlich die Chance für ein Remis. Ein
passiver Läuferzug des Saitek Sparc besiegelt dann aber doch noch sein
Schicksal.} 2. c4 e6 3. Nc3 Nf6 4. Bg5 c6 5. e3 Nbd7 6. Nf3 Qa5 7. cxd5 Nxd5 8.
Qd2 Bb4 9. Rc1 {***ENDE BUCH***} e5 10. dxe5 Nc5 {***ENDE BUCH***} 11. Bd3 {
?! Hier steht der Läufer nicht so gut und Schwarz gewinnt den Bauern zurück.
Besser deshalb 11.Lc4.} Qxa2 {?! Nicht das Gelbe vom Ei.} (11... h6 12. Bh4 g5
13. Bg3 Qxa2) 12. Bb1 {Spürbar aktiver war die kurze Rochade.} (12. Be2 Bxc3
13. bxc3 Qa3 14. Qd1 O-O 15. Nd2 Nxc3 16. Qc2 Na2 17. Rd1 Nb4 18. Qb1 Nbd3+ 19.
Kf1 Qc3 20. Be7 Re8 21. Bd6 Nxe5 22. Ne4 Nxe4 23. Bb4 b5 24. Bxc3 Nxc3 25. Qc2
Nxd1 26. Bxd1 Be6 27. Be2 Rad8 28. f4 Nc4 29. Bxc4 Bxc4+ 30. Kf2 Rd3 31. Re1 f6
32. e4 Red8 33. Kg1 Rd2 34. Qc3 R8d3 35. Qb4 Rc2 36. Qe7 Kh8 37. Qxa7 Rdd2 38.
Qb8+ Bg8 39. f5 Rxg2+ 40. Kh1 Ra2 41. Rg1 Rxg1+ 42. Kxg1 Rc2 43. e5 Rc1+ 44.
Kg2 Rc5 45. e6 Re5 46. Qd8 b4 47. e7 b3 48. e8=Q Rxe8 49. Qxe8 c5 50. Qe4 c4
51. Qd4 Bf7 52. Kf3 h6 53. Ke4 Kh7 54. h4 Bg8 55. Qc5 Bf7 56. Kd4 Kh8 57. Qc8+
Kh7 58. Qb7 Bg8 59. h5 Kh8 60. Kc3 Kh7 61. Kb2 Kh8 62. Qc7 Kh7 63. Qd7 Kh8 64.
Kc3 Kh7 65. Qb7 Kh8 66. Kb2 Kh7 67. Qa7 Bd5 68. Qd4 Bf7 69. Qe3 Kg8 70. Qe7
Bxh5 71. Qe6+ Bf7 72. Qd7 h5 73. Qc7 h4 74. Qd8+ Kh7 75. Qd4 h3 76. Qh4+ Kg8
77. Qxh3 Bd5 78. Qc3 Kh7 79. Qe1 Bf7 80. Qh1+ Kg8 81. Qa8+ Kh7 82. Kc3 Bh5 83.
Qh1 Kh6 84. Qh4 g5 85. Qh1 g4 86. Qh4 g3 87. Qxf6+ Kh7 88. Qg5 Bf7 {1-0 (88)
Saitek Risc 2500 offensiv (2247)-Saitek Sparc (2254) Zürich 2019}) 12... Qa5 {
?! Sowohl 12...Lxc3! als auch 12...Dc4 fallen zum Vorteil von Schwarz aus.
Interessant auch, dass der Saitek Sparc sowohl gegen Stil normal als auch
gegen Stil aktiv 12...Dc4 gewählt hat und damit einen Sieg und ein Remis
erzielt hat.} (12... Qc4 13. Nd4 h6 (13... Bd7 14. Qe2 Qxe2+ 15. Kxe2 Nxc3+ 16.
bxc3 Ba3 17. Rce1 Bb2 18. Kd2 a5 19. e4 h6 20. Be3 Na4 21. Ne2 Be6 22. Bd3 Bb3
23. Bd4 O-O-O 24. e6 fxe6 25. Ke3 Rd7 26. Nc1 Bxc1+ 27. Rxc1 c5 28. Be5 Nb2 29.
Bb5 Nc4+ 30. Bxc4 Bxc4 31. Rhd1 Rhd8 32. Rxd7 Rxd7 33. Ra1 b6 34. f4 g6 35. h4
Rd3+ 36. Kf2 Rd2+ 37. Kf3 h5 38. g3 Rd3+ 39. Kf2 Kb7 40. Ra4 Ka6 41. Ra1 Rd2+
42. Ke3 Rd7 43. Bh8 b5 44. Kf3 a4 45. Be5 Rd3+ 46. Kf2 Bb3 47. Bf6 Bd1 48. Be7
Kb6 49. Bf6 Bf3 50. Re1 Bg4 51. Ra1 Rd2+ 52. Ke1 Re2+ 53. Kf1 Rxe4 54. Ra2 Re3
55. Kf2 Rf3+ 56. Kg2 c4 57. Bd4+ Ka6 58. Ra3 Rd3 59. Kf2 Bf3 60. Be5 Be4 61.
Bf6 Rf3+ 62. Ke2 Rxg3 63. Ra1 Rh3 64. Kd2 Rf3 65. Be5 Rd3+ 66. Ke2 Bb7 67. Bg7
Ka5 68. Ra3 Bf3+ 69. Ke1 Rd1+ 70. Kf2 Bg4 71. Bf8 Kb6 72. Bg7 Rd2+ 73. Kf1 Kc6
74. Be5 Kd5 75. Bf6 Ke4 76. Bg5 Rd1+ 77. Kf2 Rd3 78. Bh6 Kf5 79. Bg5 Bf3 80.
Kf1 Bc6 81. Be7 Kxf4 82. Ke2 Kg3 83. Ke1 Bf3 84. Ra1 Rxc3 85. Kd2 Rd3+ 86. Kc2
Be4 87. Re1 Kf3 88. Bg5 {0-1 (88) Saitek Risc 2500 normal (2247)-Saitek Sparc 
(2254) Zürich 2019}) 14. Bh4 O-O 15. Qe2 Qxe2+ 16. Kxe2 Bxc3 17. bxc3 Re8 18.
c4 Nb4 19. Bg3 a5 20. f3 a4 21. Be1 Nca6 22. Bc3 a3 23. Rhd1 Kh8 24. Kf2 Rg8
25. Kg1 a2 26. Be4 Rd8 27. Kh1 Bd7 28. Ra1 Be6 29. Rdc1 Rd7 30. Kg1 Rad8 31.
Be1 Kg8 32. c5 Bd5 33. Bf5 Re7 34. Bh4 g5 35. Bg3 Be6 36. Be4 Bd5 37. Nf5 Re6
38. Nd4 Re7 39. Nf5 Re6 40. Nd4 Re7 41. Nf5 {½-½ (41) Saitek Risc 2500 aktiv
(2247)-Saitek Sparc (2254) Zürich 2019}) 13. Nd4 Ne6 {?! Was hat Schwarz
davon abgehalten, das lästige 13...Sa4 sofort oder nach dem Einschub von 13...
h6 zu wählen.} 14. Nxe6 {?! Auch Weiss hat keine gute Hand. Der Abtausch
fördert nur die schwarze Entwicklung.} Bxe6 {mindestens =+ zugunsten von
Schwarz} 15. O-O f6 {? Komplett falsch und 15...h6 verpassend, was dem Gegner
schwierige Verteidigungsprobleme aufgebürdet hätte, siehe Variante.} (15...
h6 16. Bh4 g5 17. Bg3 O-O-O {und -/+}) 16. exf6 Nxf6 17. Bxf6 gxf6 {+- Die
Szene hat sich verändert, ist doch nun klar Weiss am Drücker. Der
gegnerische Druck ist verschwunden und Schwarz hat die schlechtere
Bauernstruktur und einen nicht eben sicher stehenden König.} 18. Qd4 {Etwas
gar zahm, statt einen Turm auf die offene d-Linie zu bringen.} Be7 19. Rfd1 Rd8
{Besser hätte Schwarz mit 19...Db4 den Damentausch anstreben sollen.} 20. Qh4
Rxd1+ 21. Rxd1 {Durch den Turmtausch hat sich Schwarz leicht entlasten können.
} Qg5 {?! Die Engines sind sich mit 21...Kf7 als beste Antwort einig, zumal
sich nun der weisse Vorteil vergrössert.} 22. Qd4 {? Anstelle von 22.Da4 eine
nur zweitklassige Fortsetzung.} Qa5 23. Bd3 Qc5 {?! Hier hätte 23...Db4
praktisch den Ausgleich sichergestellt.} 24. Qf4 Qe5 25. Qh4 Qg5 (25... f5 {
Dieser Befreiungsversuch vermag nicht zu überzeugen.} 26. Qh5+ Kd7 27. Bxf5+
Kc7 28. g4 Bxf5 29. Qxf5 Qxf5 30. gxf5 {+/-}) (25... h5 {sieht indessen gut
aus +=}) 26. Qa4 a5 {?! Erneute Schwächung. Schwarz hätte versuchen sollen,
ob Weiss nach 26...Dc5 in die Zugwiederholung 27.Dh4 Dg5 usw. einglenken
würde.} 27. Ne2 {Gruppiert den Springer auf das schöne Feld f4 um.} Bb4 28.
Nf4 Bg4 29. Rc1 Qg7 {?! Angezeigt war die kurze Rochade.} 30. Qc2 O-O 31. h3
Bc8 32. Bc4+ {?! Nicht am besten.} (32. Bf5 Qe7 33. Rd1 {+/- und Weiss steht
deutlich günstiger}) 32... Kh8 33. Be6 {Einen stärkeren Eindruck
hinterlässt 33.Td1} Re8 {? Eine ernste Ungenauigkeit, wonach die weissen
Figuren derart opitmal zusammenarbeiten, dass die schwarze Stellung wohl schon
nicht mehr zu halten ist. Deshalb war 33...De7 deutlich stärker.} 34. Bxc8
Rxc8 35. Qf5 {Nun hat Schwarz ein schweres Leben. Der Bauer f6 ist schwach und
die offene Linie mit ...Td8 zu besetzen geht wegen Se6 nicht; andererseits
wird Weiss bald mit seinem Turm die offene d-Linie besetzen und Drohungen
aufstellen können.} Rg8 36. Rd1 {droht, mit dem Turm auf die 7. Reihe
einzubrechen} Qg5 37. Qd7 Qg7 38. Qe6 {Droht Td7, was Schwarz zum Damentausch
zwingt mit einem gewinnbringenden Endspiel zugunsten von Weiss.} Qe7 39. Qxe7
Bxe7 40. Rd7 Bb4 41. Rxb7 {Die Überlegenheit von Weiss hat ihm einen Bauern
eingebracht.} Bd6 42. Ne6 Re8 43. Nd4 c5 44. Nf5 Be5 45. g4 c4 46. f4 Rb8 {
! Der Übergang ins reine Springer-/Läuferendspiel verlangt von Weiss genaues
Spiel, um den Sieg zu erringen.} 47. Rxb8+ Bxb8 48. Kf2 a4 {Auch die
Annäherung des Königs in Richtung Zentrum mit 48...Kg8 rettet nicht mehr.}
49. Ke2 c3 {! Zu Recht setzt Schwarz noch auf seinen nun freiwerdenden
a-Bauern. Passives Verhalten wäre chancenlos geblieben.} 50. bxc3 a3 51. Nd4
a2 52. Nb3 {? Der falsche Platz für den Springer, der nach c2 hätte hüpfen
sollen.} Kg7 53. Kd3 Ba7 {? Stattdessen wäre 53...Ld6 noch völlig unklar
gewesen.} 54. e4 Bb8 55. Kc2 {? Vergibt den Gewinn.} (55. f5 Kh6 56. Kc2 Kg5
57. Kb2 Kh4 58. Kxa2 h6 (58... Kxh3 59. g5 {+-}) 59. Nc5 Kxh3 60. Nd7 Bc7 61.
Nxf6 Bd8 62. e5) 55... Bxf4 56. Kb2 Kg6 57. Nd4 Bd2 58. Nb5 Kg5 59. c4 Bb4 60.
Nc7 Kh4 61. Kxa2 Kxh3 62. Nd5 Bd6 63. Nxf6 Kh4 64. Kb3 h6 65. c5 {Sonst fällt
der g4-Bauer} Bxc5 66. Kc4 Ba3 67. e5 Bb2 68. Kd5 Ba1 69. Ke4 Kg5 70. Nh7+ Kg6
71. Nf8+ Kf7 72. Nd7 Kg6 73. e6 Bc3 74. Kd5 Bb4 75. Nc5 Kf6 76. Ne4+ Ke7 77.
Ke5 Ba5 78. Kf5 {Auch 78.g5 gewinnt nicht.} Bd8 {? Das verliert, während 78...
Le1 zum Remis genügt.} 79. Nc5 {? Vermasselt die Gewinnstellung zum Remis.} (
79. Nf6 Kd6 80. Ng8 Bg5 81. e7 Kd7 82. Kg6 Ke8 83. Kg7 Bh4 (83... Kd7 84. Kf7)
84. Kxh6 {+-}) 79... Kf8 80. Nd7+ Kg7 81. Ne5 Be7 82. Nf3 Bf6 83. Nd2 Bg5 84.
Ne4 Bh4 85. Nd6 Be7 86. Ne8+ Kf8 87. Nf6 Kg7 88. Nh5+ Kf8 89. Ke5 Bg5 90. Ng3
Ke7 91. Nf5+ Ke8 92. Nd6+ Ke7 93. Nc8+ Ke8 {? Einen ungünstigeren Zug stand
Schwarz kaum zur Verfügung.} (93... Kf8 {ist noch immer Remis}) 94. Nb6 {
? Vermasstelt den Gewinn} (94. Kf5 {gewinnt} Bd2 95. Kg6 Bc1 96. e7 Bd2 97. Kf6
Bg5+ 98. Ke6 Bf4 99. Nd6+ Bxd6 100. Kxd6 $18) 94... Be7 {? Und nun ist es der
Saitek Sparc, der das Remis verpasst.} (94... Ke7 {Remis}) 95. Nd5 {Leitet das
Aus ein für Schwarz, denn auch der h6-Bauer ist dem Tode geweiht.} Bh4 96. Kf5
Bg5 97. Kg6 Bc1 98. e7 Bb2 99. Kxh6 Kf7 100. g5 Bc1 101. Kh5 Bb2 102. g6+ Ke8
103. Kh6 Kd7 104. g7 Bxg7+ 105. Kxg7 Kd6 {Schwarz gibt auf} 1-0

[Event "SaitekSparc_Risc2500sol"]
[Site "Zürich"]
[Date "2019.04.13"]
[Round "13"]
[White "Saitek Sparc"]
[Black "Saitek Risc 2500 solid"]
[Result "1/2-1/2"]
[WhiteElo "2254"]
[BlackElo "2247"]
[Annotator "KUT"]
[PlyCount "184"]
[EventDate "2019.01.01"]

1. e4 c6 {Vergleichsmatch 120'/40 der Spielstile des Saitek Risc 2500 gegen
Saitek Sparc | 13. Partie: normal=gewinnt, aktiv=gewinnt, offensiv=verliert,
solid=remis | Vergleich der Zwischenstände nach 13 Partien: Stil aktiv=8.0
Pkt. (61%), solid=7.0 Pkt. (53%), offensiv=6.0 Pkt. (46%), normal=5.0 Pkt. 
(38%) | Nur haarscharf geht der Risc 2500 solid an einer Niederlage vorbei.
Das holländische Programm kann sein Defizit in der Eröffnung einfach nicht
abschütteln. Sein Gegner hat Druck am Damenflügel und im Zentrum. Nachdem
der Saitek Sparc einen Gewinn verpasst und in ein schwerblütiges damenloses
Endspiel überleitet, macht er schliesslich keine entscheidenden Fortschritte
mehr. Und durch stetiges Abtauschen kommt Schwarz dem Remis immer näher, das
dann auch zur Tatsache wird.} 2. d4 d5 3. exd5 cxd5 4. c4 Nf6 5. Nc3 g6 6. Qb3
Bg7 7. cxd5 O-O 8. Nge2 Nbd7 9. g3 Nb6 10. Bg2 Bf5 11. O-O Qd7 12. a4 Bh3 13.
Bxh3 Qxh3 {***ENDE BUCH***} 14. Nf4 {***ENDE BUCH***} Qd7 15. a5 Nc8 16. Re1
Nd6 {Schwarz ist in eine schwierige Lage geraten. Die weissen Figuren
beherrschen das Brett und vor allem der weisse Mehrbauer in Form eines
Doppelbauern ist lästig.} 17. Qa4 (17. Na4 Qc7 18. Bd2 Nfe4 19. Bc3 Rfe8 (
19... Nxc3 20. Qxc3 Rfc8 21. Rac1 Qd7 22. Nc5 Qb5 23. Rxe7 b6 24. b4 bxc5 25.
bxc5 Nf5 26. Re4 Re8 27. Rce1 Nxd4 28. Rxe8+ Rxe8 29. Rxe8+ Qxe8 30. Qe3 Qb5
31. c6 Qxa5 32. d6 Qb5 33. c7 Qb1+ 34. Kg2 Qb7+ 35. f3 Qc8 36. Nd5 Kh8 37. Ne7
Nf5 38. Qe1 Qf8 {1-0 (38) Saitek Sparc (2254)-Saitek Risc 2500 offensiv (2247)
Zürich 2019}) 20. Qb4 Nf6 21. Rac1 g5 22. Bd2 Qd8 23. Nh3 h6 24. Nc3 Qd7 25.
Kg2 Rac8 26. b3 Qf5 27. f3 Nxd5 28. Nxd5 Qxd5 29. Rc5 Qxd4 30. Qxd4 Bxd4 31.
Rd5 Bf6 32. Nf2 Kg7 33. f4 Kg6 34. Rd1 Rc2 35. fxg5 hxg5 36. Kg1 Rec8 37. Be3
a6 38. Ng4 Re2 39. Kf1 Rcc2 40. Bd2 Re6 41. Nxf6 Rxf6+ 42. Kg1 Ne4 43. Be3 Re2
44. Bd4 Rf3 45. b4 f6 46. Rd7 e5 47. Bc5 Rb3 48. Bf8 Rbb2 49. Rg7+ Kf5 50. Rh7
Nd2 51. Bc5 Nf3+ 52. Kf1 Kg4 53. Rb1 Nxh2+ 54. Rxh2 Rxh2 55. Rxb2 Rxb2 56. Be7
Kxg3 57. Ke1 g4 58. Bxf6 Kf4 59. Be7 g3 60. Bc5 {0-1 (60) Saitek Sparc (2254)
-Saitek Risc 2500 normal (2247) Zürich 2019}) 17... Qc7 (17... Rfe8 18. Qxd7
Nxd7 19. Nfe2 Rac8 20. Bf4 Nf6 21. a6 b6 22. Bxd6 exd6 23. Nb5 Re7 24. Nec3 Rd7
25. Rac1 Kf8 26. f4 h5 27. Kg2 Ra8 28. Rc2 Rc8 29. Rce2 Rc4 30. Kh1 Rb4 31. Rd2
Ng8 32. Kg2 Ne7 33. Re4 Nxd5 34. Rde2 Nf6 35. R4e3 d5 36. Kf3 Bh8 37. h3 Ne4
38. Kg2 Bxd4 39. Nxd4 Rxd4 40. b3 f5 41. h4 Kf7 42. Ra2 Nc5 43. Na4 Nxa4 44.
bxa4 Rc4 45. a5 bxa5 46. Rxa5 d4 47. Rd3 Kf6 48. Rd2 Rc3 49. Kf2 Rd6 50. Ra4 d3
51. Kf3 Ke6 52. Ke3 Rb3 53. Ra5 Kd7 54. Kf3 Kc7 55. Ke3 Kb6 56. Raa2 Kb5 57.
Ra1 Rxa6 58. Rxa6 Kxa6 59. Rxd3 Rxd3+ 60. Kxd3 Kb5 61. Kc3 a5 62. Kb3 a4+ 63.
Kc3 Kc5 64. Kb2 Kb4 65. Kc1 {0-1 (65) Saitek Sparc (2254)-Saitek Risc 2500
aktiv (2247) Zürich 2019}) 18. Nd3 Rfd8 19. Bf4 Rac8 20. Nc5 b6 {?!} (20... a6
{und nur +=}) 21. axb6 axb6 {? Richtig ist das Nehmen mit der Dame.} 22. b4 {
? Falsch, denn der Zwischenzug 22.Sb5 hätte die Partie praktisch schon
entschieden.} (22. Nb5 Qb8 23. Rxe7 bxc5 24. Nxd6 Rxd6 25. dxc5 Rxc5 26. Qa8 {
und +-}) 22... bxc5 23. bxc5 Qb7 {?!} (23... Nfe8 $11 {= bleibt in der
Remisbreite.}) 24. Rab1 Qd7 25. Qxd7 Rxd7 26. cxd6 exd6 27. Rb3 {Aktiver 27.
Tb6, denn der schwarze Turm darf den weissen Springer wegen der
Grundlinienschwäche nicht nehmen.} Nh5 28. Be3 f5 29. Reb1 Nf6 30. Bd2 Rdc7
31. Kg2 Rc4 32. Rb8 Rf8 33. R1b4 Rxb4 34. Rxb4 Rd8 35. Rb6 Bf8 36. Bg5 Kf7 37.
Nb5 Rd7 38. Bxf6 {! Beseitigt die einzig gutstehende Figur des Gegners.} Kxf6 {
Endspiel KTL-KTS} 39. Kf3 g5 40. Ra6 h5 41. Ke3 Re7+ (41... g4 {! legt die
weissen Bauern fest und öffnet seinem Läufer nötigenfalls die schöne
Diagonale h6-c1}) 42. Kd3 Rd7 43. f3 h4 {?! Schwarz kann nichts tun, als
abwarten. Aber der Textzug hätte besser durch ...g4 ersetzt werden sollen.}
44. Ke3 {?! Sowohl 44.g4 als auch 44.Ta8 sind stärkere Fortsetzungen.} hxg3
45. hxg3 Rd8 46. Rb6 (46. g4 {+/- stellt dem Gegner langfristig Probleme})
46... Be7 47. Rc6 {Erneut verdient 47.g4 den Vorzug.} Kf7 48. g4 Kf6 {?!
verpasst den möglichen Ausgleich mit ...Tb8} (48... Rb8 49. Nxd6+ (49. Nc3)
49... Bxd6 50. Rxd6 Rb3+ 51. Ke2 fxg4 52. fxg4 Rg3 {=}) 49. Ke2 Kg6 {Für
Stockfish 180419 64 MMl2 ist das eine für Weiss gewonnene Stellung, was
jedoch alles andere als offensichtlich scheint. Deshalb nur die
Engine-Variante ohne Kommentare.} 50. Ke1 ({Stockfish 180419 64 BMI2:} 50. Rb6
Bf8 51. Kd3 Rd7 52. Kc3 Rd8 53. Na3 Kf7 54. Kd3 Rd7 55. Nc4 fxg4 56. fxg4 Rd8
57. Nd2 Be7 58. Ne4 Rd7 59. Ng3 Bd8 60. Ra6 Be7 61. Ke4 Kf6 62. Ke3 Kf7 63. Kd3
Bf8 64. Ne4 Be7 65. Kc4 Rc7+ 66. Rc6 Rd7 67. Kb5 Rb7+ 68. Rb6 Rc7 69. Nxd6+
Bxd6 70. Rxd6 Ke7 71. Rc6 Ra7 72. Rg6 Ra8 73. Kc4 Rc8+ 74. Rc6 Ra8 75. d6+ Ke6
76. d7+ Kxd7 77. Kd5 Ra5+ 78. Rc5 Ra8 79. Rb5 Ke7 80. Ke5 Ra4 81. Rb7+ Kf8 82.
Rb8+ Ke7 83. Rg8 Kd7 84. Rxg5 Ke7 85. Ke4 Kf6 86. Rf5+ Ke6) 50... Kf6 {Auch im
folgenden schwerblütigen Manövrierkampf attestieren die Engines für Weiss
"deutlichen Vorteil" bis "Weiss gewinnt". Das alles ist für die beiden Oldies
sowie für den zeitgeplagten Kommentar kaum bzw. nicht zu erkennen.} 51. Kd1
Kg6 52. Kd2 Bf8 53. Ke3 Kf6 54. Ke2 Kf7 55. gxf5 Kf6 56. Nc7 Be7 57. Ne6 Rd7 (
57... Rg8 $16 {ist wohl besser.} 58. Rc7 g4) 58. Nc5 Rd8 59. Nb7 {? Hier gab
einen systematischen Gewinn.} (59. Ne4+ Kxf5 60. Rc7 Bf8 61. Rf7+ Kg6 62. Rf6+
Kh5 63. Re6 {+- und gewinnt}) 59... Rd7 60. Na5 Kxf5 61. Ke3 Rd8 62. Nc4 Rd7
63. Nb6 Rd8 64. Nc8 Bf8 65. Rc7 Re8+ 66. Kf2 Kg6 67. Rc6 Rd8 68. Nb6 Kf5 69.
Nc4 Kf4 70. Rc7 Kf5 71. Kg3 Kg6 72. Kg4 Ra8 73. Rc6 Rd8 74. Ne3 Rd7 75. f4 gxf4
76. Ng2 Kf6 77. Nxf4 Rg7+ {Nach längerem Geplänkel hat sich die Lage
geklärt bzw. die Stellung vereinfacht. Bereits riecht es verdächtig nach
remis.} 78. Kf3 Rh7 79. Rc1 Kf5 80. Re1 Rb7 81. Ng2 Bh6 82. Nh4+ Kg5 83. Re6
Bg7 84. Kg3 Rb3+ 85. Nf3+ Kf5 86. Kg2 (86. Rxd6 Bxd4 {=}) 86... Rb2+ 87. Kf1
Kf4 88. Ng1 Rb5 89. Re7 Bf6 90. Re6 Bg7 91. Ne2+ Kf3 92. Ng1+ Kf4 1/2-1/2